[Event "Voronezh op-A 20th"]
[Site "Voronezh"]
[Date "2016.06.13"]
[Round "2"]
[White "Chibukhchyan, Erik"]
[Black "Morozov, Egor"]
[Result "0-1"]
[WhiteElo "2045"]
[BlackElo "2306"]
[PlyCount "54"]
[EventDate "2016.06.12"]
[EventType "swiss"]
[EventRounds "9"]
[EventCountry "RUS"]
[SourceTitle "EXT 2019"]
[Source "ChessBase"]
[SourceDate "2018.10.10"]
[SourceVersion "1"]
[SourceVersionDate "2018.10.10"]
[SourceQuality "1"]

1. e4 g6 2. d4 Bg7 3. Nc3 d6 4. Nf3 Nf6 5. h3 0-0 6. Be3 c6 7. a4 a5 8. Be2 Na6 9. 0-0 Nb4 10. Qd2 Re8 11. Rfd1 Qc7 12. Rac1 Bd7 13. Bh6 Bh8 14. Ng5 Bg7 15. Bxg7 Kxg7 16. f4 e5 17. Nf3 Qb6 18. Kh2 exd4 19. Qxd4 Qxd4 20. Rxd4 d5 21. exd5 cxd5 22. Ne5 Nc6 23. Nxc6 bxc6 24. Bf3 Rab8 25. b3 h5 26. g3 Bf5 27. Rd2 Re3 0-1

[Event "Moscow op-A"]
[Site "Moscow"]
[Date "2016.02.03"]
[Round "5"]
[White "Geller, Jakov"]
[Black "Morozov, Egor"]
[Result "1-0"]
[WhiteElo "2487"]
[BlackElo "2313"]
[PlyCount "65"]
[EventDate "2016.01.30"]
[EventType "swiss"]
[EventRounds "9"]
[EventCountry "RUS"]
[SourceTitle "CBM 170 Extra"]
[Source "ChessBase"]
[SourceDate "2016.02.25"]
[SourceVersion "1"]
[SourceVersionDate "2016.02.25"]
[SourceQuality "1"]

1. e4 g6 2. d4 Bg7 3. Nc3 d6 4. f4 Nf6 5. Bd3 0-0 6. Nf3 Nc6 7. e5 dxe5 8. fxe5 Nh5 9. Ne2 Bg4 10. c3 Bxf3 11. gxf3 f6 12. Ng3 Nxg3 13. hxg3 e6 14. exf6 Qxf6 15. Be4 Rad8 16. Qb3 Ne7 17. Bf4 Nd5 18. Bd2 b6 19. 0-0-0 c5 20. dxc5 bxc5 21. Qc4 Qe7 22. Rhe1 Nb6 23. Qe2 e5 24. Be3 Qf7 25. Bxc5 Qxa2 26. Bxf8 Rxf8 27. Qb5 Kh8 28. Rh1 Qf7 29. Qc6 Bf6 30. Kc2 Rc8 31. Bd5 Qf8 32. Qb7 Bg7 33. Rxh7+ 1-0

[Event "RUS-chT U18"]
[Site "St Petersburg"]
[Date "2015.08.07"]
[Round "7.21"]
[White "Schekachikhin, Maksim"]
[Black "Morozov, Egor"]
[Result "0-1"]
[WhiteElo "2316"]
[BlackElo "2262"]
[PlyCount "78"]
[EventDate "2015.08.01"]
[EventType "team-swiss"]
[EventRounds "9"]
[EventCountry "RUS"]
[SourceTitle "CBM 167 Extra"]
[Source "ChessBase"]
[SourceDate "2015.09.14"]
[SourceVersion "1"]
[SourceVersionDate "2015.09.14"]
[SourceQuality "1"]
[WhiteTeam "St Petersburg Anichkov Palace"]
[BlackTeam "Kostroma MBOU"]
[WhiteTeamCountry "RUS"]
[BlackTeamCountry "RUS"]

1. d4 Nf6 2. c4 d6 3. Nf3 g6 4. Nc3 Bg7 5. e4 0-0 6. Be2 e5 7. Be3 Nc6 8. d5 Ne7 9. Nd2 Nd7 10. b4 f5 11. f3 b6 12. a4 fxe4 13. fxe4 h6 14. Nb3 g5 15. a5 Rb8 16. a6 Ng6 17. g3 Nf6 18. c5 Bh3 19. Nd2 Qd7 20. Rg1 Ng4 21. Bxg4 Bxg4 22. Qa4 Qc8 23. Rc1 Bh5 24. Qa2 Qh3 25. cxd6 cxd6 26. Nc4 Rf3 27. Qg2 Qc8 28. Nd1 b5 29. Nxd6 Rxe3+ 30. Kd2 Rd3+ 31. Kxd3 Qxc1 32. Nc3 Qa3 33. Qh3 Qxb4 34. Qe6+ Kh7 35. Nf5 Qc4+ 36. Kd2 Rc8 37. Rc1 b4 38. Qd7 bxc3+ 39. Kc2 Qa2+ 0-1

[Event "RUS-chT U18"]
[Site "St Petersburg"]
[Date "2015.08.04"]
[Round "4.17"]
[White "Morozov, Egor"]
[Black "Savenkov, Konstantin"]
[Result "0-1"]
[WhiteElo "2262"]
[BlackElo "2296"]
[PlyCount "64"]
[EventDate "2015.08.01"]
[EventType "team-swiss"]
[EventRounds "9"]
[EventCountry "RUS"]
[SourceTitle "CBM 167 Extra"]
[Source "ChessBase"]
[SourceDate "2015.09.14"]
[SourceVersion "1"]
[SourceVersionDate "2015.09.14"]
[SourceQuality "1"]
[WhiteTeam "Kostroma MBOU"]
[BlackTeam "Moscow SSHOR Youth II"]
[WhiteTeamCountry "RUS"]
[BlackTeamCountry "RUS"]

1. e4 e6 2. d4 d5 3. Nd2 Be7 4. Ngf3 Nf6 5. e5 Nfd7 6. Bd3 c5 7. c3 Nc6 8. 0-0 g5 9. dxc5 g4 10. Nd4 Ndxe5 11. Bb5 Bd7 12. Bxc6 bxc6 13. b4 Ng6 14. b5 cxb5 15. c6 Bc8 16. Nxb5 Qb6 17. Qa4 0-0 18. Ba3 Qa6 19. Qxa6 Bxa6 20. Bxe7 Nxe7 21. c4 Rfc8 22. Rfb1 Rxc6 23. cxd5 Nxd5 24. Nd4 Rc3 25. Re1 Rac8 26. Ne4 Ra3 27. Nd6 Rd8 28. Ne4 Nb4 29. Rad1 Rd3 30. Rxd3 Bxd3 31. a3 Rxd4 32. Nc5 Nc6 0-1

[Event "Kostroma-ch"]
[Site "Kostroma"]
[Date "2014.09.30"]
[Round "9"]
[White "Tarasov, Alexandr"]
[Black "Morozov, Egor"]
[Result "0-1"]
[WhiteElo "2202"]
[BlackElo "2265"]
[PlyCount "80"]
[EventDate "2014.??.??"]
[EventType "tourn"]
[EventRounds "9"]
[EventCountry "RUS"]
[SourceTitle "EXT 2015"]
[Source "ChessBase"]
[SourceDate "2014.11.20"]
[SourceVersion "1"]
[SourceVersionDate "2014.11.20"]
[SourceQuality "1"]

1. Nf3 Nf6 2. c4 g6 3. Nc3 Bg7 4. e4 d6 5. d4 0-0 6. Be2 e5 7. d5 Nbd7 8. 0-0 Nc5 9. Qc2 a5 10. Bg5 h6 11. Be3 b6 12. Nd2 Ng4 13. Bxg4 Bxg4 14. f3 Bc8 15. a3 f5 16. exf5 gxf5 17. b4 Nd7 18. Rfc1 Nf6 19. Nb3 e4 20. f4 Ng4 21. Qd2 Qh4 22. g3 Qh3 23. Bd4 Ne5 24. fxe5 dxe5 25. Be3 a4 26. Nd4 f4 27. Nc2 Bg4 28. Rf1 Bf3 29. Rxf3 exf3 30. gxf4 exf4 31. Bd4 Rf5 32. Kh1 Rg5 33. Rg1 Re8 34. Bxg7 Rxg1+ 35. Kxg1 Re2 36. Qxe2 fxe2 37. Nxe2 f3 38. Nf4 Qg4+ 39. Kf2 Qxf4 40. Nd4 Qxh2+ 0-1

[Event "Kostroma-ch"]
[Site "Kostroma"]
[Date "2014.09.29"]
[Round "8"]
[White "Morozov, Egor"]
[Black "Gorozhanin, Mikhail"]
[Result "1/2-1/2"]
[WhiteElo "2265"]
[BlackElo "2332"]
[PlyCount "39"]
[EventDate "2014.??.??"]
[EventType "tourn"]
[EventRounds "9"]
[EventCountry "RUS"]
[SourceTitle "EXT 2015"]
[Source "ChessBase"]
[SourceDate "2014.11.20"]
[SourceVersion "1"]
[SourceVersionDate "2014.11.20"]
[SourceQuality "1"]

1. Nf3 Nf6 2. g3 g6 3. Bg2 Bg7 4. 0-0 0-0 5. d3 d5 6. Nbd2 c5 7. e4 Nc6 8. c3 e6 9. Qc2 b6 10. Re1 Bb7 11. Nf1 d4 12. c4 e5 13. Bd2 a5 14. a4 Bc8 15. h3 Be6 16. N1h2 Ne8 17. Ng5 Bd7 18. f4 f6 19. Ngf3 Nd6 20. fxe5 1/2-1/2

[Event "Kostroma-ch"]
[Site "Kostroma"]
[Date "2014.09.28"]
[Round "6"]
[White "Morozov, Egor"]
[Black "Timerkhanov, Alexander"]
[Result "1/2-1/2"]
[WhiteElo "2265"]
[BlackElo "2324"]
[PlyCount "79"]
[EventDate "2014.??.??"]
[EventType "tourn"]
[EventRounds "9"]
[EventCountry "RUS"]
[SourceTitle "EXT 2015"]
[Source "ChessBase"]
[SourceDate "2014.11.20"]
[SourceVersion "1"]
[SourceVersionDate "2014.11.20"]
[SourceQuality "1"]

1. e4 c5 2. Nf3 d6 3. d4 cxd4 4. Nxd4 Nf6 5. Nc3 a6 6. Bc4 e6 7. a3 Be7 8. Ba2 b5 9. 0-0 Bb7 10. Bxe6 fxe6 11. Nxe6 Qd7 12. Nxg7+ Kd8 13. f3 Rg8 14. Nf5 Nc6 15. Bf4 Ne5 16. Qd4 Qe6 17. a4 bxa4 18. Nxa4 Nfd7 19. Nb6 Nxf3+ 20. Rxf3 Qxe4 21. Qxe4 Bxe4 22. Rg3 Rxg3 23. Nxg3 Nxb6 24. Nxe4 d5 25. Ng5 Bxg5 26. Bxg5+ Kd7 27. b4 Kc6 28. c3 Nc4 29. Kf2 Nd6 30. Be3 Ne4+ 31. Kf3 Rf8+ 32. Kg4 Rg8+ 33. Kh3 Kb5 34. Bd4 Rg6 35. g4 Kc4 36. Ra3 Kd3 37. Rb3 Kc4 38. Ra3 Kd3 39. Bh8 h5 40. g5 1/2-1/2

[Event "Kostroma-ch"]
[Site "Kostroma"]
[Date "2014.09.27"]
[Round "5"]
[White "Strelnikov, Sergey"]
[Black "Morozov, Egor"]
[Result "1/2-1/2"]
[WhiteElo "2382"]
[BlackElo "2265"]
[PlyCount "87"]
[EventDate "2014.??.??"]
[EventType "tourn"]
[EventRounds "9"]
[EventCountry "RUS"]
[SourceTitle "EXT 2015"]
[Source "ChessBase"]
[SourceDate "2014.11.20"]
[SourceVersion "1"]
[SourceVersionDate "2014.11.20"]
[SourceQuality "1"]

1. f4 d5 2. Nf3 Nf6 3. g3 b6 4. Bg2 Bb7 5. 0-0 e6 6. d3 Bd6 7. Nc3 Nbd7 8. e4 dxe4 9. Ng5 Qe7 10. Ngxe4 0-0-0 11. a4 Nxe4 12. Nxe4 a5 13. Qe2 Nf6 14. d4 Nxe4 15. Bxe4 Qf6 16. c3 h5 17. Bxb7+ Kxb7 18. Qe4+ c6 19. Be3 Qf5 20. Qxf5 exf5 21. Rae1 Rhe8 22. Bf2 Kc7 23. Kg2 b5 24. Rxe8 Rxe8 25. Ra1 b4 26. Re1 Rb8 27. c4 Kd7 28. b3 f6 29. Kf3 Rg8 30. h3 g5 31. Be3 Rg7 32. Rg1 Rg8 33. Rg2 Rg7 34. Rd2 g4+ 35. Kg2 Re7 36. Kf2 h4 37. gxh4 Re4 38. hxg4 fxg4 39. h5 f5 40. h6 Re6 41. d5 Rxh6 42. c5 Be7 43. d6 Bf6 44. Kg2 1/2-1/2

[Event "Golden Sands Europe op 3rd"]
[Site "Golden Sands"]
[Date "2014.06.14"]
[Round "5"]
[White "Melderis, Uldis"]
[Black "Morozov, Egor"]
[Result "0-1"]
[WhiteElo "1977"]
[BlackElo "2179"]
[PlyCount "98"]
[EventDate "2014.06.10"]
[EventType "swiss"]
[EventRounds "9"]
[EventCountry "BUL"]
[SourceTitle "CBM 160 Extra"]
[Source "ChessBase"]
[SourceDate "2014.07.01"]
[SourceVersion "1"]
[SourceVersionDate "2014.07.01"]
[SourceQuality "1"]

1. b4 c6 2. Bb2 Qb6 3. a3 a5 4. c3 e5 5. Qc2 d5 6. e3 Bd6 7. d3 Nf6 8. Nd2 0-0 9. Be2 Re8 10. e4 Nbd7 11. Ngf3 Nf8 12. 0-0 Ng6 13. Nb3 a4 14. Nc1 Nf4 15. Bd1 Bg4 16. c4 Qd8 17. c5 Bc7 18. Nd2 Qd7 19. f3 Be6 20. Ne2 Ng6 21. Nc3 b5 22. Ne2 d4 23. Rf2 Nh5 24. Nf1 Rf8 25. Nfg3 Nhf4 26. Bc1 Bd8 27. Nxf4 exf4 28. Ne2 Bg5 29. Bb2 Bf6 30. Bc1 Be5 31. Bd2 f5 32. Qc1 Qc7 33. Bc2 Rf6 34. Bb1 Raf8 35. Ba2 Bxa2 36. Rxa2 fxe4 37. dxe4 d3 38. Nc3 Bd4 39. Qb1 Rd8 40. e5 Bxf2+ 41. Kxf2 Qxe5 42. Ne4 Qd4+ 43. Kf1 Re6 44. Bc3 Qc4 45. Bd2 Nh4 46. Kg1 Rg6 47. Kh1 Rxg2 48. Rb2 Re2 49. Nd6 Qd5 0-1

[Event "Golden Sands Europe op 3rd"]
[Site "Golden Sands"]
[Date "2014.06.13"]
[Round "4"]
[White "Morozov, Egor"]
[Black "Petrosyan, Tigran S"]
[Result "0-1"]
[WhiteElo "2179"]
[BlackElo "2416"]
[PlyCount "90"]
[EventDate "2014.06.10"]
[EventType "swiss"]
[EventRounds "9"]
[EventCountry "BUL"]
[SourceTitle "CBM 160 Extra"]
[Source "ChessBase"]
[SourceDate "2014.07.01"]
[SourceVersion "1"]
[SourceVersionDate "2014.07.01"]
[SourceQuality "1"]

1. e4 e5 2. Nf3 Nc6 3. Bb5 a6 4. Ba4 Nf6 5. d3 b5 6. Bb3 Be7 7. 0-0 d6 8. c3 0-0 9. h3 Na5 10. Bc2 c5 11. Re1 Nc6 12. Nbd2 h6 13. Nf1 Be6 14. Ng3 Re8 15. Be3 d5 16. exd5 Nxd5 17. d4 exd4 18. Qd3 g6 19. cxd4 Ncb4 20. Qd2 Nxc2 21. Qxc2 Nxe3 22. Rxe3 Qc8 23. d5 Bxd5 24. Rae1 Bxf3 25. gxf3 Qd7 26. b4 cxb4 27. Qe2 Ra7 28. h4 h5 29. Qb2 Rc7 30. Kg2 Rc6 31. Qe2 Rc7 32. Qb2 Qd8 33. Qe2 Rd7 34. Re5 Rd2 35. Qe3 Rxa2 36. Rxe7 Rxe7 37. Qxe7 Qxe7 38. Rxe7 b3 39. Re3 b2 40. Rb3 a5 41. Rxb5 a4 42. Ne4 a3 43. Nd2 Ra1 44. Nb3 Kg7 45. f4 a2 0-1

[Event "Golden Sands Europe op 3rd"]
[Site "Golden Sands"]
[Date "2014.06.10"]
[Round "1"]
[White "Greenfeld, Alon"]
[Black "Morozov, Egor"]
[Result "1-0"]
[WhiteElo "2545"]
[BlackElo "2179"]
[PlyCount "79"]
[EventDate "2014.06.10"]
[EventType "swiss"]
[EventRounds "9"]
[EventCountry "BUL"]
[SourceTitle "CBM 160 Extra"]
[Source "ChessBase"]
[SourceDate "2014.07.01"]
[SourceVersion "1"]
[SourceVersionDate "2014.07.01"]
[SourceQuality "1"]

1. d4 Nf6 2. Nf3 g6 3. c4 Bg7 4. g3 0-0 5. Bg2 d6 6. Nc3 Nc6 7. 0-0 a6 8. Bf4 Nh5 9. Be3 Rb8 10. Rc1 Bd7 11. c5 Na5 12. Nd5 e6 13. Bg5 f6 14. Bd2 Nc6 15. Nb4 f5 16. cxd6 cxd6 17. d5 exd5 18. Nxd5 Kh8 19. Bc3 Ne5 20. Qd2 Be6 21. Rfd1 Bg8 22. b3 Rf7 23. Ne3 Ng4 24. Nxg4 fxg4 25. Ne5 Re7 26. Nxg4 Qe8 27. Bxg7+ Nxg7 28. Nf6 Qf7 29. Qb2 Re6 30. Nxg8 Rf8 31. e3 Kxg8 32. Bd5 h5 33. h4 Nf5 34. Rc4 Kh7 35. Bxe6 Qxe6 36. Rc7+ Kh6 37. e4 Nxh4 38. Qg7+ Kg5 39. Qxf8 Kg4 40. Qf4+ 1-0

[Event "Kostroma Spring"]
[Site "Kostroma"]
[Date "2013.03.03"]
[Round "9"]
[White "Mikhailov, Viacheslav"]
[Black "Morozov, Egor"]
[Result "1-0"]
[WhiteElo "2323"]
[BlackElo "2121"]
[PlyCount "72"]
[EventDate "2013.02.26"]
[EventType "tourn"]
[EventRounds "9"]
[EventCountry "RUS"]
[EventCategory "1"]
[SourceTitle "EXT 2014"]
[Source "ChessBase"]
[SourceDate "2013.11.20"]
[SourceVersion "1"]
[SourceVersionDate "2013.11.20"]
[SourceQuality "1"]

1. e4 c5 2. Nf3 e6 3. g3 Qc7 4. Bg2 d6 5. 0-0 Nf6 6. Nc3 a6 7. d3 Be7 8. Ng5 h6 9. Nh3 0-0 10. f4 Nc6 11. Kh1 b5 12. Be3 Bb7 13. f5 b4 14. Ne2 exf5 15. Rxf5 Ng4 16. Bd2 Bc8 17. Rf1 Bf6 18. Nhf4 Bxb2 19. Nd5 Qd8 20. Rb1 Bd4 21. Nxd4 Nxd4 22. h3 Ne5 23. Be3 Nec6 24. Qd2 h5 25. Nf4 h4 26. g4 Rb8 27. Nh5 f6 28. Qf2 Rf7 29. g5 f5 30. exf5 Rxf5 31. Bd5+ Kf8 32. Qxh4 Ne7 33. Bxd4 cxd4 34. Qxd4 Nxd5 35. Qxg7+ Ke8 36. Rbe1+ Ne7 1-0

[Event "Kostroma Spring"]
[Site "Kostroma"]
[Date "2013.02.27"]
[Round "4"]
[White "Morozov, Egor"]
[Black "Moiseenko, Ilya"]
[Result "1/2-1/2"]
[WhiteElo "2121"]
[BlackElo "2248"]
[PlyCount "132"]
[EventDate "2013.02.26"]
[EventType "tourn"]
[EventRounds "9"]
[EventCountry "RUS"]
[EventCategory "1"]
[SourceTitle "EXT 2014"]
[Source "ChessBase"]
[SourceDate "2013.11.20"]
[SourceVersion "1"]
[SourceVersionDate "2013.11.20"]
[SourceQuality "1"]

1. d4 d5 2. g3 c6 3. Bg2 Bf5 4. Nf3 Nf6 5. 0-0 Nbd7 6. b3 e6 7. Bb2 Bd6 8. Nbd2 Qb8 9. c4 h6 10. a3 0-0 11. b4 a6 12. Qb3 Bg6 13. Ne1 Bh5 14. f3 e5 15. Nd3 Re8 16. e3 Bg6 17. Rae1 Bh7 18. f4 Bxd3 19. Qxd3 e4 20. Qe2 b5 21. c5 Bc7 22. Bh3 Nf8 23. Ra1 a5 24. Bc3 Qb7 25. Nb3 axb4 26. Bxb4 Ra4 27. g4 N6h7 28. Qf2 Rea8 29. Bg2 Qc8 30. h3 Nd7 31. g5 hxg5 32. fxg5 Nxg5 33. h4 Nf3+ 34. Bxf3 exf3 35. Qxf3 Nf6 36. Rf2 Qe6 37. Re1 Ne4 38. Rg2 Qh6 39. Rf1 Rf8 40. h5 Raa8 41. Nd2 Rae8 42. Nxe4 Rxe4 43. Bd2 Rh4 44. e4 Qxh5 45. Qxh5 Rxh5 46. e5 Rh3 47. Rf6 Re8 48. Rxc6 Bb8 49. Bh6 g6 50. Bg5 Rxa3 51. Bf6 b4 52. Rh2 Ra1+ 53. Kg2 Ra2+ 54. Kg3 Rxh2 55. Kxh2 Kf8 56. Rb6 Rc8 57. Rxb4 Ke8 58. Kg3 Kd7 59. Kg4 Bc7 60. Ra4 Kc6 61. Kg5 Kb5 62. Ra7 Kc4 63. Kh6 Kxd4 64. e6+ Be5 65. Bxe5+ Kxe5 66. exf7 Kf6 1/2-1/2

[Event "Kostroma Spring"]
[Site "Kostroma"]
[Date "2013.02.27"]
[Round "3"]
[White "Morozov, Egor"]
[Black "Shkalov, Oleg"]
[Result "0-1"]
[WhiteElo "2121"]
[BlackElo "2223"]
[PlyCount "165"]
[EventDate "2013.02.26"]
[EventType "tourn"]
[EventRounds "9"]
[EventCountry "RUS"]
[EventCategory "1"]
[SourceTitle "EXT 2014"]
[Source "ChessBase"]
[SourceDate "2013.11.20"]
[SourceVersion "1"]
[SourceVersionDate "2013.11.20"]
[SourceQuality "1"]

1. e4 c5 2. Nf3 g6 3. d4 cxd4 4. Nxd4 Nf6 5. f3 Nc6 6. c4 Qb6 7. Nc2 Bg7 8. Nc3 d6 9. Be2 0-0 10. Ne3 Be6 11. 0-0 Nd4 12. Kh1 Nxe2 13. Qxe2 Rfc8 14. Rb1 Qd8 15. f4 a6 16. a4 Rab8 17. Bd2 b6 18. Rbc1 Rb7 19. Be1 Qe8 20. b3 b5 21. axb5 axb5 22. f5 Bd7 23. Bh4 bxc4 24. bxc4 Bc6 25. Bxf6 Bxf6 26. Ncd5 Bxd5 27. exd5 Rb2 28. Qf3 Rb3 29. Qf4 Bb2 30. Rce1 Bc3 31. Re2 Rcb8 32. Qe4 Rb2 33. Rxb2 Bxb2 34. h3 Bg7 35. Ng4 Ra8 36. Re1 h5 37. Nh2 Ra1 38. Rxa1 Bxa1 39. fxg6 fxg6 40. Nf3 Qf7 41. Qb1 Qf6 42. Qb8+ Kg7 43. h4 Bd4 44. Qb1 Bf2 45. Qe4 Bg3 46. Qe3 Qa1+ 47. Ng1 Qe1 48. Qxe1 Bxe1 49. Nf3 Bg3 50. Ng5 Bxh4 51. Ne4 Bf6 52. Kh2 g5 53. g4 h4 54. c5 dxc5 55. Nxc5 Be5+ 56. Kg2 Kf7 57. Ne4 Bf4 58. Kf3 Ke8 59. Nc5 Be5 60. Ne4 Bf4 61. Nc5 h3 62. Ne6 Kd7 63. Nd4 Be5 64. Ne6 Bf6 65. Kg3 Kd6 66. Kxh3 Kxd5 67. Nc7+ Ke4 68. Ne6 Ke5 69. Nf8 Kf4 70. Nd7 Bd4 71. Nf8 Ke5 72. Kg3 e6 73. Kf3 Kf6 74. Nd7+ Ke7 75. Nb8 Kd6 76. Ke4 Bc5 77. Na6 Ba3 78. Kd4 Kc6 79. Ke5 Kb7 80. Kf6 Kxa6 81. Kxg5 Bb2 82. Kg6 Kb5 83. g5 0-1

[Event "Kostroma Spring"]
[Site "Kostroma"]
[Date "2013.02.26"]
[Round "1"]
[White "Morozov, Egor"]
[Black "Kocheev, Aleksandr"]
[Result "0-1"]
[WhiteElo "2121"]
[BlackElo "2318"]
[PlyCount "138"]
[EventDate "2013.02.26"]
[EventType "tourn"]
[EventRounds "9"]
[EventCountry "RUS"]
[EventCategory "1"]
[SourceTitle "EXT 2014"]
[Source "ChessBase"]
[SourceDate "2013.11.20"]
[SourceVersion "1"]
[SourceVersionDate "2013.11.20"]
[SourceQuality "1"]

1. e4 e5 2. Nf3 Nc6 3. Bb5 Nf6 4. 0-0 Nxe4 5. d4 Nd6 6. Bxc6 dxc6 7. dxe5 Nf5 8. Qxd8+ Kxd8 9. Nc3 Ke8 10. Ne4 c5 11. b3 Be6 12. Bb2 Be7 13. Rad1 h5 14. Rd2 Rh6 15. Nfg5 Bc8 16. Re1 Kf8 17. Nh3 c6 18. Kh1 b6 19. Red1 Nh4 20. Nf4 Bg4 21. Re1 Rd8 22. Rxd8+ Bxd8 23. h3 Bf5 24. Nd6 Bd7 25. Rd1 g5 26. Ne2 Be6 27. c4 Be7 28. g3 Nf5 29. Nc3 Nd4 30. Nce4 Bxh3 31. Bxd4 Bg4 32. Rd2 cxd4 33. Rxd4 Bf3+ 34. Kh2 Re6 35. Nd2 c5 36. Rd3 Be2 37. Re3 Bxd6 38. exd6 Rxe3 39. fxe3 Bd3 40. e4 f6 41. g4 hxg4 42. Kg3 Kf7 43. d7 Ke7 44. Kxg4 Kxd7 45. Kf5 Ke7 46. Nf3 Kf7 47. a3 Bf1 48. Ng1 a6 49. e5 Bd3+ 50. Kg4 Bc2 51. b4 Bd3 52. bxc5 bxc5 53. exf6 Kxf6 54. Kf3 Kf5 55. Ke3 Bxc4 56. Nf3 Bd5 57. Nd2 g4 58. Nf1 Ke5 59. Ng3 a5 60. Nf1 Be4 61. Nd2 Bd5 62. Nf1 a4 63. Ng3 Bc6 64. Nh5 Kd5 65. Nf6+ Kc4 66. Nxg4 Kb3 67. Ne5 Bb5 68. Kd2 Kb2 69. Ke3 Kxa3 0-1

[Event "Kostroma Autumn"]
[Site "Kostroma"]
[Date "2012.09.25"]
[Round "6"]
[White "Morozov, Egor"]
[Black "Mikhailov, Viacheslav"]
[Result "0-1"]
[WhiteElo "2102"]
[BlackElo "2326"]
[PlyCount "138"]
[EventDate "2012.09.22"]
[EventType "tourn"]
[EventRounds "9"]
[EventCountry "RUS"]
[SourceTitle "EXT 2013"]
[Source "ChessBase"]
[SourceDate "2012.11.22"]
[SourceVersion "1"]
[SourceVersionDate "2012.11.22"]
[SourceQuality "1"]

1. c4 c5 2. g3 Nc6 3. Bg2 g6 4. Nc3 Bg7 5. e3 d6 6. Nge2 Nh6 7. 0-0 0-0 8. d3 Rb8 9. a3 Bd7 10. Rb1 Qc8 11. b4 Bh3 12. b5 Bxg2 13. Kxg2 Ne5 14. Nd5 Qd8 15. f4 Nd7 16. e4 e6 17. Ne3 Nf6 18. h3 Ne8 19. Bb2 f5 20. Bxg7 Nxg7 21. Qd2 Qd7 22. d4 Qc7 23. e5 cxd4 24. Qxd4 dxe5 25. Qxe5 Qxe5 26. fxe5 Nf7 27. Nd4 Nxe5 28. b6 Ra8 29. Rb5 Nd7 30. bxa7 Rxa7 31. Ndc2 Rc8 32. Rfb1 Nc5 33. Rd1 Kf7 34. Kf3 e5 35. Nd5 Nge6 36. Nb6 Rc7 37. Rd5 e4+ 38. Ke3 Na4 39. Rd7+ Rxd7 40. Nxd7 Ke7 41. Nb6 Nxb6 42. Rxb6 Nc5 43. Rb5 Kd6 44. Kd4 Ne6+ 45. Ke3 Ra4 46. Rb6+ Ke5 47. Rb5+ Kf6 48. Rxb7 Rxc4 49. Kd2 Ng5 50. Ne3 Rd4+ 51. Ke2 Nxh3 52. Rxh7 Ng1+ 53. Kf2 Nf3 54. Ra7 Rd2+ 55. Kf1 Kg5 56. a4 Nh2+ 57. Ke1 Rd3 58. Ke2 Ng4 59. Nf1 Ra3 60. a5 Ra2+ 61. Ke1 Ne5 62. Ne3 Nc6 63. Ra6 Nb4 64. Ra8 Nc2+ 65. Kd2 Nxe3+ 66. Kxe3 Rg2 67. a6 Rxg3+ 68. Kf2 Ra3 69. a7 Kf4 0-1

[Event "Kostroma Spring"]
[Site "Kostroma"]
[Date "2012.03.05"]
[Round "8"]
[White "Morozov, Egor"]
[Black "Antonov, Ivan"]
[Result "0-1"]
[WhiteElo "2095"]
[BlackElo "2017"]
[PlyCount "92"]
[EventDate "2012.03.01"]
[EventType "tourn"]
[EventRounds "9"]
[EventCountry "RUS"]
[SourceTitle "EXT 2013"]
[Source "ChessBase"]
[SourceDate "2012.11.22"]
[SourceVersion "1"]
[SourceVersionDate "2012.11.22"]
[SourceQuality "1"]

1. e4 c5 2. Nf3 Nf6 3. Nc3 Nc6 4. Bc4 e6 5. Qe2 Be7 6. e5 Ng4 7. h3 Nh6 8. Ne4 Nf5 9. c3 d5 10. exd6 Bxd6 11. d3 0-0 12. g4 Nfe7 13. Be3 b6 14. d4 cxd4 15. Nxd4 Nxd4 16. Bxd4 Bf4 17. Ng3 Bb7 18. Rg1 Ng6 19. Nh5 e5 20. Be3 Nh4 21. Qc2 Nf3+ 22. Ke2 Nxg1+ 23. Rxg1 Bxe3 24. fxe3 e4 25. Kf2 Qc7 26. Bf1 Rad8 27. Rg2 Qc5 28. b4 Qe5 29. Nf4 Rd6 30. Kg1 Rfd8 31. Rf2 Qg5 32. Bc4 R8d7 33. Kg2 Qd8 34. Qb3 Rd2 35. Ne2 Bd5 36. Bxd5 R7xd5 37. Nd4 Rd3 38. Qc4 g6 39. Re2 h5 40. Qc6 hxg4 41. hxg4 Qg5 42. Qe8+ Kg7 43. Qxe4 Rxc3 44. Qe8 Qxg4+ 45. Kf2 Qh4+ 46. Kf3 Qxd4 0-1

[Event "Kostroma Spring"]
[Site "Kostroma"]
[Date "2012.03.04"]
[Round "6"]
[White "Morozov, Egor"]
[Black "Lugovskoy, Maxim"]
[Result "1/2-1/2"]
[WhiteElo "2095"]
[BlackElo "2346"]
[PlyCount "86"]
[EventDate "2012.03.01"]
[EventType "tourn"]
[EventRounds "9"]
[EventCountry "RUS"]
[SourceTitle "EXT 2013"]
[Source "ChessBase"]
[SourceDate "2012.11.22"]
[SourceVersion "1"]
[SourceVersionDate "2012.11.22"]
[SourceQuality "1"]

1. d4 d5 2. g3 Nf6 3. Bg2 e6 4. c4 Be7 5. Nc3 0-0 6. Nf3 Nbd7 7. 0-0 c6 8. Nd2 b6 9. e4 Bb7 10. cxd5 cxd5 11. e5 Ne8 12. f4 g6 13. Rf2 Ng7 14. Nf1 f6 15. Ne3 fxe5 16. fxe5 Rxf2 17. Kxf2 Rc8 18. Kg1 Ba6 19. Ng4 Nf5 20. Nh6+ Nxh6 21. Bxh6 Bg5 22. Bxg5 Qxg5 23. Qa4 Nb8 24. Rd1 Rf8 25. Kh1 Qe3 26. Qb4 Nc6 27. Qd6 Nd8 28. Qe7 Bd3 29. Qxa7 Qxd4 30. Qd7 Kh8 31. h3 Qe3 32. Qd6 Kg7 33. Qe7+ Kg8 34. Nxd5 exd5 35. Bxd5+ Rf7 36. Qxd8+ Kg7 37. Bg2 Be4 38. Rd7 Bxg2+ 39. Kh2 Qxe5 40. Rxf7+ Kxf7 41. Qd7+ Kf6 42. Qd8+ Kg7 43. Qd7+ Kf8 1/2-1/2

[Event "Kostroma Volga Cup op"]
[Site "Kostroma"]
[Date "2010.07.??"]
[Round "1"]
[White "Iljushin, Alexei"]
[Black "Morozov, Egor"]
[Result "1-0"]
[WhiteElo "2533"]
[BlackElo "2002"]
[PlyCount "75"]
[EventDate "2010.07.??"]
[EventType "swiss"]
[EventRounds "9"]
[EventCountry "RUS"]
[SourceTitle "EXT 2011"]
[Source "ChessBase"]
[SourceDate "2010.11.26"]
[SourceVersion "1"]
[SourceVersionDate "2010.11.26"]
[SourceQuality "1"]

1. d4 Nf6 2. c4 g6 3. Nc3 Bg7 4. e4 d6 5. f3 0-0 6. Nge2 e5 7. Bg5 h6 8. Be3 Nc6 9. d5 Ne7 10. Qd2 Kh7 11. g4 Ne8 12. Ng3 Bd7 13. Bd3 a6 14. h4 c6 15. h5 g5 16. Kf2 c5 17. a3 b6 18. b4 Qc7 19. Rab1 Nf6 20. Kg2 Rfb8 21. Rb2 Ne8 22. Rhb1 Bf6 23. Nf5 Nxf5 24. exf5 Kg7 25. Ne4 Be7 26. Bxg5 hxg5 27. Nxg5 Bf6 28. h6+ Kf8 29. Nh7+ Ke7 30. g5 Bh8 31. f6+ Nxf6 32. gxf6+ Bxf6 33. Nxf6 Kxf6 34. h7 Rh8 35. Qh6+ Ke7 36. Qg5+ Ke8 37. Qf6 Bh3+ 38. Kxh3 1-0

[Event "Kostroma Moskalev Memorial"]
[Site "Kostroma"]
[Date "2010.03.??"]
[Round "?"]
[White "Morozov, Egor"]
[Black "Shkalov, Oleg"]
[Result "0-1"]
[WhiteElo "1986"]
[BlackElo "2270"]
[PlyCount "66"]
[EventDate "2010.03.19"]
[EventType "swiss"]
[EventRounds "9"]
[EventCountry "RUS"]
[SourceTitle "EXT 2023"]
[Source "ChessBase"]
[SourceDate "2022.10.05"]
[SourceVersion "1"]
[SourceVersionDate "2022.10.05"]
[SourceQuality "1"]

1. e4 c6 2. c4 d5 3. cxd5 cxd5 4. exd5 Nf6 5. Qa4+ Nbd7 6. Nc3 g6 7. Nf3 Bg7 8. Bc4 0-0 9. d3 a6 10. 0-0 b5 11. Nxb5 Nb6 12. Qb3 axb5 13. Bxb5 Nfxd5 14. Bd2 Be6 15. Ng5 Bd7 16. a4 Bxb5 17. axb5 Rxa1 18. Rxa1 Qc7 19. Ne4 Rc8 20. Bc3 Bxc3 21. bxc3 Nxc3 22. Ng5 Qf4 23. Nf3 Ncd5 24. Qb2 Qb4 25. Qd4 Qc3 26. Qxc3 Rxc3 27. Ne1 Rb3 28. Ra5 Nb4 29. Kf1 Nxd3 30. Nf3 Nf4 31. Nd2 Rb2 32. Ke1 Rxd2 33. Ra6 Rd6 0-1